| 000 | 00875nam a2200289 a 4500 | ||
|---|---|---|---|
| 001 | 000024563 | ||
| 003 | DO-SdBNP | ||
| 005 | 20220405091916.0 | ||
| 007 | ta | ||
| 008 | 110131s1976 sp a r 000 0 spa d | ||
| 020 | _a8426550193 | ||
| 020 | _a8426550185 | ||
| 040 |
_aDO-SdBNP _bspa _cBNPHU |
||
| 082 | 4 |
_a370.15 _bS881p, 1976 _222 |
|
| 100 | 1 |
_aStones, E. _950358 |
|
| 240 |
_aAn introduction to educational psychology _lEspañol |
||
| 245 | 1 | 0 |
_aPsicología educativa / _cE. Stones. |
| 250 | _a2a ed. | ||
| 260 |
_aMadrid : _bMagisterio Español, _c1976. |
||
| 300 |
_a365 p. : _bil. ; _c22 cm. |
||
| 500 | _aIncluye notas al pie de las páginas. | ||
| 534 |
_pTítulo original: _tAn introduction to educational psychology. |
||
| 590 | _aInventariado, 2022/MFF | ||
| 650 | 4 | _aPsicopedagogía | |
| 910 | _aValidado. Control de calidad MFF | ||
| 942 |
_2ddc _cLBS1 |
||
| 999 |
_c24056 _d24056 |
||